Kleopatra

Bibliographic Details
Main Author: Krawczuk, Aleksander (Author)
Format: Book
Language:Polish
PhysicalDescription:223 s. 21 cm
Published: B.m. Media Film-Media Press 1993
ISBN:8385806067

MARC

LEADER 00000nam a2200000 a 4500
001 vtls001172275
003 SK-MaSNL
005 20260301154141.0
008 250414s1993 pl 0 pol
020 |a 8385806067 
035 |a SNK000115257 
040 |a SNK  |b slo  |c SNK  |e AACR2 
041 0 |a pol 
044 |a pl  |c PL 
080 |a 884-31  |2 1981 
080 |a 929 Kleopatra VII. (egypt. kráľ.)  |2 1981 
100 1 |a Krawczuk, Aleksander  |4 aut  |9 276861 
245 1 0 |a Kleopatra  |c Aleksander Krawczuk 
260 |a B.m.  |b Media Film-Media Press  |c 1993 
300 |a 223 s.  |c 21 cm 
852 |a Slovenská národná knižnica 
919 |a 83-85806-06-7 
954 |a Kleopatra VII. (egypt. kráľ.) 
999 |c 795813  |d 797743 
952 |t P60, <04>, [BOOK], {604}  |a SNK  |b SNK  |y VYP  |7 0  |p 17A0243594  |o snkIC 124507  |0 0  |1 0  |4 0  |d 2000-06-26  |l 0  |r 2005-01-01 00:00:00  |w 2026-02-24